| 000 | 00765nam a2200217 a 4500 | ||
|---|---|---|---|
| 020 | _a2903326010 : | ||
| 040 | _cDLC | ||
| 082 | 0 | 0 | _a595 CHA 1979 A059 Or. |
| 100 | 1 | _aChararas, C. | |
| 245 | 1 | 0 |
_aEcophysiologie des insectes parasites des forêts : _binfluence des conditions écologiques sur les insectes, relations biochimiques plantes-insectes, attraction secondaire et phéromones, nutrition, enzymes digestives et symbiose, coévolution / |
| 260 |
_aParis : _bC. Chararas, _cc1979. |
||
| 300 |
_aii, 297 p. : _bill. ; _c22 cm. |
||
| 650 | 0 | _aForest insects | |
| 650 | 0 | _aForest insects | |
| 650 | 0 | _aParasitic insects | |
| 650 | 0 | _aParasitic insects | |
| 650 | 0 | _aInsect-plant relationships. | |
| 650 | 0 | _aInsects | |
| 650 | 0 | _aInsects | |
| 942 | _cEK | ||
| 999 |
_c14812 _d14812 |
||